| 000 | 00455nam a2200169Ia 4500 | ||
|---|---|---|---|
| 003 | GCL | ||
| 008 | 140319s9999 xx 000 0 eng d | ||
| 040 |
_aGCL / _cGCL |
||
| 082 | 0 | 4 |
_a261.27 _bG C |
| 100 | 1 | _aHUGN, GODDARD | |
| 245 | 1 | 0 |
_aCHRISTIANS AND MUSLIMS FROM DOUBLE STANDARDS MUTUAL UNDERSTANDING / _cHUGN, GODDARD |
| 260 |
_a[S.N] : _bCURZON PRESS ، _c1995 |
||
| 300 | _a200 | ||
| 650 | 0 | 4 | _aنجد |
| 650 | 0 | 4 | _aCHRISTIANITY |
| 942 |
_2ddc _cBK |
||
| 999 |
_c14800 _d14800 |
||